| 000 | 00788cab a2200241 4500 | ||
|---|---|---|---|
| 001 | ABS57738 | ||
| 008 | 090401t1997 xxu||||| |||| 00| 0 eng d | ||
| 035 | _a(Sirsi) u81329 | ||
| 041 | _aeng | ||
| 100 | _aCard, G. | ||
| 245 | _aLandfill management: at your disposal | ||
| 260 | _c1997 | ||
| 350 | _a0 | ||
| 490 |
_aSurveyor _v25 September 1997, 17-18(2) |
||
| 520 | _aExplains how specialist geotechnical and geoenvironmental consultant engineers can be of assistance in helping landfill operators manage the capacity of their landfill sites. Details an example. | ||
| 650 | _aCONSULTATION | ||
| 650 | _aGEOTECHNICAL ADVISERS | ||
| 650 | _aLANDFILL SITES | ||
| 650 | _aWASTE DISPOSAL | ||
| 690 | _aENVIRONMENTAL AND LAND CONSULTANCY | ||
| 942 | _n0 | ||
| 948 | _c08/10/1997 | ||
| 999 |
_c51242 _d51242 |
||